000 00538nam a2200193Ia 4500
005 20250508160836.0
008 008 250505s9999 xx 000 0 eng d
020 _a0-03-077130-7
037 _aTextual
040 _aFEDL
_beng
_cFEDL
041 _aeng
_2eng
084 _a407, CAZ
_qFEDL
100 _aCazden Courtney B
_9170048
245 0 _aChild language and education
260 _aNew York, USA
_bHolt, Rinehart and Winston
_c1972
300 _avi,314p.
942 _cTEXL
_h407, CAZ
999 _c1366924
_d1366924